[Event "7. Festival Benidorm 2008 - Sub-2000"]
[Site "Benidorm ESP"]
[Date "2008.12.03"]
[Round "5.17"]
[White "Cobelas Rodriguez, Pilar"]
[Black "Arroyo Rodriguez, Jesus"]
[Result "0-1"]
[WhiteElo "1914"]
[BlackElo "1994"]
[PlyCount "98"]
[EventDate "2008.11.29"]
[EventRounds "9"]
[EventCountry "ESP"]
[Source "lmi"]
[SourceDate "2008.11.29"]

1. e4 c6 2. d4 d5 3. e5 Bf5 4. g4 Be4 5. f3 Bg6 6. h4 h5 7. g5 e6 8. Nh3 Bf5 9.
Nf4 g6 10. Nc3 c5 11. Bb5+ Nc6 12. Bxc6+ bxc6 13. Nce2 Qb6 14. c3 Rc8 15. Ng3
cxd4 16. Nxf5 gxf5 17. cxd4 Ne7 18. Ne2 Ng6 19. a3 c5 20. f4 cxd4 21. Qa4+ Qc6
22. Qxc6+ Rxc6 23. Nxd4 Rc4 24. Ne2 Bc5 25. Rh3 Kd7 26. b3 Re4 27. Kf1 Bd4 28.
Rb1 Rc8 29. Rd3 Rxe2 30. Kxe2 Rxc1 31. Rxc1 Nxf4+ 32. Kd2 Nxd3 33. Kxd3 Bxe5
34. Rg1 Bg7 35. g6 f6 36. b4 e5 37. a4 f4 38. b5 e4+ 39. Ke2 d4 40. a5 d3+ 41.
Kd2 f3 42. Ke3 f5 43. a6 Kc7 44. Kf4 d2 45. Kxf5 f2 46. Rf1 e3 47. Kg5 e2 48.
Rxf2 d1=Q 49. Rf7+ Qd7 0-1

[Event "7. Festival Benidorm 2008 - Sub-2000"]
[Site "Benidorm ESP"]
[Date "2008.12.03"]
[Round "5.18"]
[White "Salgado Gonzalez, Julio"]
[Black "Ruiz Ureta, Ernesto"]
[Result "0-1"]
[WhiteElo "1905"]
[BlackElo "1993"]
[PlyCount "66"]
[EventDate "2008.11.29"]
[EventRounds "9"]
[EventCountry "ESP"]
[Source "lmi"]
[SourceDate "2008.11.29"]

1. d4 Nf6 2. Bf4 g6 3. e3 Bg7 4. h3 d6 5. Nf3 O-O 6. Nbd2 c5 7. c3 Nc6 8. Bd3
e5 9. Bh2 exd4 10. cxd4 cxd4 11. exd4 Re8+ 12. Kf1 Nb4 13. Bc4 d5 14. Bb5 Bd7
15. Qa4 Nc6 16. Ne5 Qb6 17. Nxd7 Nxd7 18. Bxc6 bxc6 19. Nb3 Nf8 20. Rc1 Rac8
21. Bf4 Re4 22. Be3 Ne6 23. Nd2 Rxd4 24. Bxd4 Bxd4 25. Qb3 Qa6+ 26. Ke1 Nf4 27.
Kd1 Nd3 28. Nf3 Nxf2+ 29. Kc2 Qe2+ 30. Kb1 Qe4+ 31. Ka1 Nxh1 32. Re1 Qf4 33.
Qb7 Rb8 0-1

[Event "7. Festival Benidorm 2008 - Sub-2000"]
[Site "Benidorm ESP"]
[Date "2008.12.03"]
[Round "5.19"]
[White "Mitt, Hando"]
[Black "Monserrat Castells, Julio"]
[Result "1/2-1/2"]
[WhiteElo "1843"]
[BlackElo "1993"]
[PlyCount "114"]
[EventDate "2008.11.29"]
[EventRounds "9"]
[EventCountry "ESP"]
[Source "lmi"]
[SourceDate "2008.11.29"]

1. d4 d5 2. Nf3 Nf6 3. Bf4 Bf5 4. h3 h6 5. e3 e6 6. Nc3 c6 7. Bd3 Bxd3 8. cxd3
Bd6 9. Qb3 b6 10. Bxd6 Qxd6 11. Rc1 O-O 12. O-O Nbd7 13. e4 dxe4 14. dxe4 e5
15. Rcd1 exd4 16. Rxd4 Qc7 17. Rfd1 Nc5 18. Qc2 Rad8 19. b4 Ne6 20. R4d2 Rxd2
21. Rxd2 Rd8 22. Rxd8+ Qxd8 23. Ne2 c5 24. bxc5 Nxc5 25. Ng3 Qe7 26. Nd2 Qe5
27. Kh2 h5 28. Nf3 Qf4 29. e5 Nfe4 30. h4 Nxg3 31. fxg3 Qg4 32. Qd2 Ne4 33. Qe1
Nc5 34. Ng5 Qd7 35. Qf1 Ne6 36. Qf5 g6 37. Qf6 Nxg5 38. Qxg5 Qe6 39. a3 Kg7 40.
Kg1 b5 41. Qe3 a6 42. Qc3 Kf8 43. Qc7 Qe7 44. Qc8+ Kg7 45. Qxa6 Qxe5 46. Kh2
Qc5 47. Qa5 Qc4 48. Qa8 Kf6 49. Qf3+ Ke7 50. Kh3 Qe6+ 51. g4 Kf8 52. g3 Kg7 53.
Qf4 Kh7 54. Qg5 Kg7 55. Qf4 Kh7 56. Qd4 Qc4 57. Qf4 Qe6 1/2-1/2

[Event "7. Festival Benidorm 2008 - Sub-2000"]
[Site "Benidorm ESP"]
[Date "2008.12.03"]
[Round "5.20"]
[White "Romero Gomez, Juan Carlos"]
[Black "Amoros Moran, Jose Joaquin"]
[Result "0-1"]
[WhiteElo "1839"]
[BlackElo "1988"]
[PlyCount "76"]
[EventDate "2008.11.29"]
[EventRounds "9"]
[EventCountry "ESP"]
[Source "lmi"]
[SourceDate "2008.11.29"]

1. e4 c5 2. c3 d6 3. d4 Nf6 4. Bd3 e5 5. Nf3 Nc6 6. d5 Nb8 7. h3 Be7 8. O-O O-O
9. Re1 h6 10. Na3 Nh7 11. Be3 a6 12. b4 b6 13. Rb1 f5 14. Qe2 f4 15. Bd2 cxb4
16. Rxb4 g5 17. Reb1 Nd7 18. Nc4 b5 19. Na3 h5 20. Nh2 Qe8 21. c4 Qg6 22. Be1
Nc5 23. cxb5 axb5 24. Nxb5 Nxd3 25. Qxd3 g4 26. hxg4 hxg4 27. Nc3 Ng5 28. Rb8
Nf3+ 29. Nxf3 gxf3 30. Qxf3 Bg4 31. Rxf8+ Rxf8 32. Qd3 f3 33. g3 Rf7 34. Rb8+
Bf8 35. Nd1 Rh7 36. Rxf8+ Kxf8 37. Qb5 Qh5 38. Qb8+ Ke7 0-1

[Event "7. Festival Benidorm 2008 - Sub-2000"]
[Site "Benidorm ESP"]
[Date "2008.12.03"]
[Round "5.21"]
[White "De Anna, Franco"]
[Black "Sanchez Hernandez, Salvador"]
[Result "0-1"]
[WhiteElo "1948"]
[BlackElo "1865"]
[PlyCount "146"]
[EventDate "2008.11.29"]
[EventRounds "9"]
[EventCountry "ESP"]
[Source "lmi"]
[SourceDate "2008.11.29"]

1. d4 d5 2. c4 Nf6 3. Nc3 e6 4. Bg5 Nbd7 5. e3 Be7 6. Nf3 h6 7. Bh4 c6 8. cxd5
exd5 9. Bd3 O-O 10. O-O Re8 11. Re1 Nf8 12. h3 Ne4 13. Bxe7 Rxe7 14. Bxe4 dxe4
15. Nd2 f5 16. Qc2 Nh7 17. Rad1 Nf6 18. Nc4 Be6 19. Ne5 Qe8 20. b3 Nd7 21. Nxd7
Rxd7 22. Na4 Bd5 23. Nc5 Re7 24. Rc1 Qf7 25. Qd2 Qg6 26. g3 h5 27. Kh2 Kf7 28.
Rg1 Rh8 29. Na4 Qd6 30. Nc3 Be6 31. Ne2 g5 32. Rc5 Bd5 33. Nc3 b6 34. Nxd5 cxd5
35. Rc2 h4 36. Kg2 g4 37. hxg4 h3+ 38. Kh2 fxg4 39. Qe2 Rg8 40. Rgc1 Qf6 41.
Rc6 Qf5 42. Rh6 Rg6 43. Rh7+ Rg7 44. Rh8 Kg6 45. Rhc8 Ref7 46. R1c2 Rf6 47. Ra8
Kh7 48. Kg1 Rgf7 49. Rd8 Rf8 50. Rxf8 Rxf8 51. Kh2 Rf7 52. b4 Qd7 53. b5 Rf3
54. a4 Kg7 55. Qe1 Rf7 56. Qc1 Qf5 57. Qe1 Qf3 58. Qh1 Qf5 59. Qd1 Qd7 60. Kg1
Kg6 61. Kh2 Rf3 62. Qe1 Rf8 63. Kg1 Rf6 64. Qe2 Qe6 65. Rc6 Qf5 66. Rc2 Rf7 67.
Qf1 Kh6 68. Rc6+ Kg5 69. Rc2 Qd7 70. Qe1 Kf5 71. Qc3 Kg5 72. Qe1 Qf5 73. Qc3
Qf3 0-1

[Event "7. Festival Benidorm 2008 - Sub-2000"]
[Site "Benidorm ESP"]
[Date "2008.12.03"]
[Round "5.22"]
[White "Ibanez Guillen, Enrique"]
[Black "Aledo Lopez, Angel"]
[Result "1/2-1/2"]
[WhiteElo "1836"]
[BlackElo "1979"]
[PlyCount "68"]
[EventDate "2008.11.29"]
[EventRounds "9"]
[EventCountry "ESP"]
[Source "lmi"]
[SourceDate "2008.11.29"]

1. d4 Nf6 2. Nc3 g6 3. e4 d6 4. f4 Bg7 5. Nf3 O-O 6. e5 dxe5 7. fxe5 Nd5 8.
Nxd5 Qxd5 9. Be2 c5 10. c3 cxd4 11. cxd4 Qa5+ 12. Bd2 Qb6 13. Bc3 Nc6 14. Qb3
Qxb3 15. axb3 Be6 16. Bc4 Bg4 17. O-O Bh6 18. Kf2 Bxf3 19. Kxf3 a6 20. h4 e6
21. g4 Rfd8 22. Ke4 b5 23. d5 bxc4 24. dxc6 Rdc8 25. bxc4 Rxc6 26. Ra4 Rac8 27.
Kd3 Bf8 28. Rfa1 h6 29. b3 Rb8 30. Rxa6 Rxa6 31. Rxa6 Rxb3 32. Kd4 Kg7 33. Rc6
Rb1 34. Ke4 Rh1 1/2-1/2

[Event "7. Festival Benidorm 2008 - Sub-2000"]
[Site "Benidorm ESP"]
[Date "2008.12.03"]
[Round "5.24"]
[White "Fernandez Garcia, Ignacio"]
[Black "Calderon Campos, Jose Carlos"]
[Result "1/2-1/2"]
[WhiteElo "1969"]
[BlackElo "1846"]
[PlyCount "118"]
[EventDate "2008.11.29"]
[EventRounds "9"]
[EventCountry "ESP"]
[Source "lmi"]
[SourceDate "2008.11.29"]

1. e4 d6 2. Nc3 Nf6 3. d4 g6 4. f3 Bg7 5. Be3 O-O 6. Qd2 c6 7. Nge2 Nbd7 8. g4
e5 9. h4 exd4 10. Nxd4 Ne5 11. Be2 Be6 12. h5 Bc4 13. Bh6 Ne8 14. hxg6 fxg6 15.
Bxg7 Nxg7 16. Qh6 Qf6 17. Qxh7+ Kf7 18. g5 Qf4 19. Bxc4+ Nxc4 20. Qxg7+ Kxg7
21. Ne6+ Kg8 22. Nxf4 Rxf4 23. Ke2 Kg7 24. Rh3 Rh8 25. Rxh8 Kxh8 26. b3 Ne5 27.
Rh1+ Kg7 28. Rh3 Nf7 29. Rg3 Rh4 30. Ke3 Rh2 31. Ne2 Rh1 32. f4 Rh5 33. a4 Kf8
34. a5 Ke7 35. Nd4 c5 36. Nb5 a6 37. Nc3 Ke6 38. Nd5 Rh1 39. f5+ gxf5 40. g6
Nh6 41. Nc7+ Ke5 42. Kd2 fxe4 43. g7 Ng8 44. Rg5+ Kf4 45. Ne6+ Kf3 46. Rf5+ Kg4
47. Rf8 Ne7 48. g8=Q+ Nxg8 49. Rxg8+ Kf5 50. Nd8 Rh2+ 51. Kc3 d5 52. Rf8+ Ke5
53. Re8+ Kf6 54. Nxb7 d4+ 55. Kb2 d3 56. Rxe4 Rxc2+ 57. Kb1 Rc3 58. Kb2 Rc2+
59. Kb1 Rc3 1/2-1/2

[Event "7. Festival Benidorm 2008 - Sub-2000"]
[Site "Benidorm ESP"]
[Date "2008.12.03"]
[Round "5.25"]
[White "Cartagena Sanchez, Javier"]
[Black "Voet, Dirk"]
[Result "1-0"]
[WhiteElo "1963"]
[BlackElo "1823"]
[PlyCount "63"]
[EventDate "2008.11.29"]
[EventRounds "9"]
[EventCountry "ESP"]
[Source "lmi"]
[SourceDate "2008.11.29"]

1. e4 g6 2. d4 Bg7 3. Nf3 d6 4. Bc4 c5 5. c3 cxd4 6. cxd4 Nc6 7. Be3 Nf6 8. Nc3
O-O 9. h3 a6 10. O-O b5 11. Bd3 Bb7 12. a3 Rc8 13. Rc1 h6 14. Qe2 Kh7 15. Rfd1
b4 16. axb4 Nxb4 17. Bb1 a5 18. Ne1 Nd7 19. f4 Nb6 20. f5 Ba6 21. Qg4 Nc4 22.
fxg6+ fxg6 23. Bf2 Nxb2 24. e5 Qe8 25. Ne4 Nxd1 26. Rxd1 dxe5 27. dxe5 Bxe5 28.
Nf3 Bf6 29. Nxf6+ exf6 30. Rd7+ Kh8 31. Bxg6 f5 32. Rh7+ 1-0

[Event "7. Festival Benidorm 2008 - Sub-2000"]
[Site "Benidorm ESP"]
[Date "2008.12.03"]
[Round "5.57"]
[White "Hadamard, Olivier"]
[Black "Laurentiu, Burlacu"]
[Result "1/2-1/2"]
[WhiteElo "1835"]
[BlackElo "1980"]
[PlyCount "112"]
[EventDate "2008.11.29"]
[EventRounds "9"]
[EventCountry "ESP"]
[Source "lmi"]
[SourceDate "2008.11.29"]

1. d4 e6 2. Nf3 Be7 3. e3 Nf6 4. Bd3 d5 5. Nbd2 Nbd7 6. O-O Nf8 7. e4 dxe4 8.
Nxe4 Nxe4 9. Bxe4 f5 10. Bd3 Ng6 11. c3 O-O 12. Re1 f4 13. Qc2 Nh4 14. Bxh7+
Kh8 15. Ne5 Bg5 16. g3 fxg3 17. hxg3 Nf3+ 18. Nxf3 Rxf3 19. Kg2 Rf8 20. Rh1 Qf6
21. Be4+ Kg8 22. Bxg5 Qxg5 23. Rh4 Rf6 24. f4 Qb5 25. Rah1 a5 26. Bf3 Kf7 27.
Rh8 e5 28. dxe5 Bf5 29. Qd2 Rxh8 30. Rxh8 Rb6 31. Qd5+ Be6 32. Qxb5 Rxb5 33. b3
a4 34. bxa4 Rb2+ 35. Kf1 Bxa2 36. Rb8 Bc4+ 37. Ke1 Ba6 38. Bd5+ Kg6 39. Rf8 c6
40. Bf3 Bc4 41. f5+ Kg5 42. e6 Rb1+ 43. Kf2 Rf1+ 44. Kg2 Re1 45. Kf2 Re5 46. g4
Kf4 47. Rh8 Re3 48. Kg2 Rxf3 49. e7 Rg3+ 50. Kh2 Bf7 51. Rf8 Bd5 52. e8=Q Rg2+
53. Kh3 Rg3+ 54. Kh2 Rg2+ 55. Kh3 Rg3+ 56. Kh2 Rg2+ 1/2-1/2

[Event "7. Festival Benidorm 2008 - Sub-2000"]
[Site "Benidorm ESP"]
[Date "2008.12.04"]
[Round "5.81"]
[White "Lopez Diaz, Rafael"]
[Black "Lastras Hernandez, Tomas"]
[Result "0-1"]
[WhiteElo "1726"]
[BlackElo "1936"]
[PlyCount "74"]
[EventDate "2008.11.29"]
[EventRounds "9"]
[EventCountry "ESP"]
[Source "lmi"]
[SourceDate "2008.11.29"]

1. e4 c5 2. Nf3 Nc6 3. d4 cxd4 4. Nxd4 d6 5. Bc4 Nf6 6. Nc3 e6 7. Bg5 Be7 8.
Ndb5 a6 9. Bxf6 gxf6 10. Nd4 Qb6 11. Nb3 O-O 12. Qh5 Ne5 13. Be2 Bd7 14. f4 Ng6
15. Rf1 Kh8 16. O-O-O Qe3+ 17. Kb1 Nxf4 18. Qh6 Nxg2 19. Rxf6 Qxh6 20. Rxh6 Bc6
21. Rf1 Nh4 22. Rf4 Ng6 23. Rf3 Kg7 24. Rh5 Bf6 25. Nd2 h6 26. Nd1 Bg5 27. Nc4
Nf4 28. Rxg5+ hxg5 29. Bd3 d5 30. exd5 Bxd5 31. Rg3 Rad8 32. Nb6 Nxd3 33. cxd3
Kf6 34. Nf2 Bc6 35. Nc4 Rd4 36. Nd2 Kg6 37. Nb3 Rf4 0-1

[Event "7. Festival Benidorm 2008 - Sub-2000"]
[Site "Benidorm ESP"]
[Date "2008.12.04"]
[Round "6.1"]
[White "Hall, Rachid"]
[Black "Garcia Domingo, Jose Antonio"]
[Result "0-1"]
[WhiteElo "1981"]
[BlackElo "1938"]
[PlyCount "114"]
[EventDate "2008.11.29"]
[EventRounds "9"]
[EventCountry "ESP"]
[Source "lmi"]
[SourceDate "2008.11.29"]

1. Nf3 e6 2. e4 d5 3. Nc3 dxe4 4. Nxe4 Bd7 5. d4 Nf6 6. Bd3 Nxe4 7. Bxe4 Bc6 8.
Qd3 Bxe4 9. Qxe4 Qd5 10. Qe2 Bd6 11. c4 Bb4+ 12. Kf1 Qd7 13. a3 Be7 14. Be3 O-O
15. g3 Bf6 16. Kg2 Nc6 17. Rhd1 Ne7 18. Rd2 Rfd8 19. Rad1 a5 20. Bf4 a4 21. Be5
Bxe5 22. dxe5 Qe8 23. Rxd8 Rxd8 24. Rxd8 Qxd8 25. Qd2 Qxd2 26. Nxd2 Kf8 27. Kf3
Ke8 28. Nb1 Nc6 29. Ke4 Na5 30. Kd3 Nb3 31. Kc3 Kd7 32. Kb4 Kc6 33. f4 Nc5 34.
Nd2 Nd3+ 35. Kc3 Nc5 36. Nf3 h6 37. f5 Ne4+ 38. Kb4 Kd7 39. fxe6+ Kxe6 40. Kxa4
Ng5 41. Nd2 Kxe5 42. c5 Ne4 43. c6 b5+ 44. Kxb5 Nxd2 45. a4 Kd5 46. a5 Nb3 47.
a6 Nd4+ 48. Ka4 Kxc6 49. Kb4 Kb6 50. Kc4 Nf3 51. h3 Ng5 52. h4 Ne4 53. g4 Nf2
54. g5 hxg5 55. hxg5 Nh3 56. g6 fxg6 57. b4 Kxa6 0-1

[Event "7. Festival Benidorm 2008 - Sub-2000"]
[Site "Benidorm ESP"]
[Date "2008.12.04"]
[Round "6.3"]
[White "Rios Torondell, Jaume"]
[Black "Sanchez Lopez, Diego"]
[Result "0-1"]
[WhiteElo "1961"]
[BlackElo "1983"]
[PlyCount "70"]
[EventDate "2008.11.29"]
[EventRounds "9"]
[EventCountry "ESP"]
[Source "lmi"]
[SourceDate "2008.11.29"]

1. e4 e5 2. Nf3 Nc6 3. Bb5 a6 4. Ba4 b5 5. Bb3 Bc5 6. a4 Rb8 7. axb5 axb5 8.
O-O Qf6 9. c3 Nge7 10. d4 exd4 11. Bg5 Qg6 12. Bxe7 Bxe7 13. cxd4 d6 14. Qc2
Rb6 15. Kh1 Bd8 16. Nc3 Ne7 17. Qe2 O-O 18. Nxb5 c6 19. Nxd6 Qxd6 20. Bc4 Ng6
21. Qd2 Qf4 22. Qxf4 Nxf4 23. b3 Bc7 24. Ra7 Bb8 25. Ra5 Rd8 26. d5 cxd5 27.
exd5 Bb7 28. Re1 Bd6 29. Rd1 h6 30. g3 Nh3 31. Kg2 Ng5 32. Nxg5 hxg5 33. Ra2 g4
34. Rd4 Be5 35. Re4 Rxd5 0-1

[Event "7. Festival Benidorm 2008 - Sub-2000"]
[Site "Benidorm ESP"]
[Date "2008.12.04"]
[Round "6.4"]
[White "Rodriguez Marcos, Jose R"]
[Black "Perera Borrego, Mariela"]
[Result "0-1"]
[WhiteElo "1967"]
[BlackElo "1856"]
[PlyCount "68"]
[EventDate "2008.11.29"]
[EventRounds "9"]
[EventCountry "ESP"]
[Source "lmi"]
[SourceDate "2008.11.29"]

1. e4 d6 2. f4 e5 3. Nf3 exf4 4. Bc4 h6 5. O-O Nc6 6. d4 g5 7. h4 Bg7 8. c3 Bg4
9. Qb3 Na5 10. Bxf7+ Ke7 11. Qa3 Kxf7 12. Qxa5 c5 13. Qb5 Qe7 14. Nbd2 a6 15.
Qd3 Rd8 16. d5 Re8 17. a4 Qf6 18. Nc4 b5 19. axb5 axb5 20. Ra7+ Ne7 21. Na5 c4
22. Qc2 Ra8 23. Rxa8 Rxa8 24. hxg5 hxg5 25. Nc6 Nxc6 26. dxc6 Bxf3 27. Rxf3 Qe5
28. g3 Bh6 29. gxf4 gxf4 30. c7 Rg8+ 31. Kf1 Qh5 32. Rf2 Qh3+ 33. Ke2 Rg2 34.
c8=Q f3+ 0-1

[Event "7. Festival Benidorm 2008 - Sub-2000"]
[Site "Benidorm ESP"]
[Date "2008.12.04"]
[Round "6.7"]
[White "Feiguelman, Igor"]
[Black "Martinez Rubi, Alberto"]
[Result "1/2-1/2"]
[WhiteElo "1959"]
[BlackElo "1999"]
[PlyCount "108"]
[EventDate "2008.11.29"]
[EventRounds "9"]
[EventCountry "ESP"]
[Source "lmi"]
[SourceDate "2008.11.29"]

1. Nf3 d5 2. b3 e6 3. Bb2 Nf6 4. e3 c5 5. d4 Be7 6. Bd3 O-O 7. O-O Nc6 8. c4
cxd4 9. cxd5 exd5 10. Nxd4 Nxd4 11. Bxd4 Be6 12. Nd2 Rc8 13. Nf3 Bc5 14. Rc1
Bxd4 15. Nxd4 Qa5 16. Bb1 a6 17. Qd3 Rc5 18. Rxc5 Qxc5 19. f3 Rc8 20. Rd1 Bd7
21. Kf2 Qb4 22. Rd2 Rc1 23. Rd1 Rc8 24. Rd2 Bb5 25. Nxb5 Qh4+ 26. Kf1 axb5 27.
h3 Qg5 28. Kf2 g6 29. Qd4 Rd8 30. h4 Ne4+ 31. Bxe4 Qxh4+ 32. Ke2 Qg3 33. f4 Rc8
34. Qxd5 Rc1 35. Rd1 Rc2+ 36. Rd2 Rc1 37. Kd3 Qe1 38. Bf3 Ra1 39. Ke4 Qb1+ 40.
Qd3 Qc1 41. Rc2 Qa3 42. Rc8+ Kg7 43. Qd4+ Kh6 44. Qxa1 Qe7+ 45. Qe5 f5+ 46. Kd4
Qd7+ 47. Qd5 Qxc8 48. Qxb7 Qd8+ 49. Bd5 Qf6+ 50. Kd3 Qa1 51. Bg8 Qd1+ 52. Kc3
Qe1+ 53. Kb2 Qd2+ 54. Ka3 Qa5+ 1/2-1/2

[Event "7. Festival Benidorm 2008 - Sub-2000"]
[Site "Benidorm ESP"]
[Date "2008.12.04"]
[Round "6.8"]
[White "Iglesias Fernandez, Luis"]
[Black "Leroux, Mathieu"]
[Result "0-1"]
[WhiteElo "1925"]
[BlackElo "1996"]
[PlyCount "150"]
[EventDate "2008.11.29"]
[EventRounds "9"]
[EventCountry "ESP"]
[Source "lmi"]
[SourceDate "2008.11.29"]

1. e4 c5 2. Nf3 e6 3. d3 Nc6 4. g3 g6 5. Bg2 Bg7 6. O-O d6 7. c3 Nf6 8. Nbd2 e5
9. Nc4 b5 10. Ne3 O-O 11. Nd5 Nxd5 12. exd5 Ne7 13. c4 bxc4 14. dxc4 Bg4 15. h3
Bxf3 16. Bxf3 Nf5 17. Rb1 a5 18. h4 Bh6 19. Bxh6 Nxh6 20. a3 Qc7 21. Qd2 Kg7
22. Bg2 Nf5 23. Bh3 Nd4 24. f4 e4 25. f5 f6 26. Kh1 Qe7 27. Qe3 Qe5 28. Qf4
Qxf4 29. Rxf4 Rfe8 30. Re1 e3 31. fxg6 hxg6 32. b4 axb4 33. axb4 Nc2 34. Re2
Nxb4 35. Rf3 Ra1+ 36. Bf1 Na2 37. Kg2 Nc3 38. Rexe3 Ra2+ 39. Kh3 Rxe3 40. Rxe3
Nd1 41. Re6 Nf2+ 42. Kg2 Ne4+ 43. Kh3 Nf2+ 44. Kh2 Ne4+ 45. Bg2 f5 46. g4 Rc2
47. gxf5 gxf5 48. Kg1 Rc1+ 49. Kh2 Rc2 50. Kg1 Rxc4 51. Bxe4 Rxe4 52. Rxd6 Rxh4
53. Rc6 c4 54. d6 Kf7 55. Rc5 Rf4 56. Re5 Rd4 57. Rxf5+ Ke6 58. Rf8 Kxd6 59.
Kf2 Kc5 60. Rb8 Re4 61. Kf3 Re7 62. Rc8+ Kb4 63. Rb8+ Ka3 64. Rc8 Kb3 65. Rb8+
Kc2 66. Rc8 c3 67. Rb8 Kc1 68. Rc8 c2 69. Rc5 Re1 70. Kf2 Re4 71. Kf3 Rb4 72.
Ke2 Kb2 73. Kd2 Rd4+ 74. Ke3 Rd1 75. Rb5+ Ka3 0-1

[Event "7. Festival Benidorm 2008 - Sub-2000"]
[Site "Benidorm ESP"]
[Date "2008.12.04"]
[Round "6.9"]
[White "Lopez Garcia, Francisco Andres"]
[Black "Cartagena Sanchez, Javier"]
[Result "1-0"]
[WhiteElo "1995"]
[BlackElo "1963"]
[PlyCount "81"]
[EventDate "2008.11.29"]
[EventRounds "9"]
[EventCountry "ESP"]
[Source "lmi"]
[SourceDate "2008.11.29"]

1. e4 e5 2. Nf3 Nc6 3. Nc3 Nf6 4. Bb5 d6 5. d4 exd4 6. Nxd4 Bd7 7. O-O Be7 8.
Nf5 Bxf5 9. exf5 O-O 10. Re1 a6 11. Ba4 Qd7 12. Qd3 Rfe8 13. Bg5 b5 14. Bb3 Ne5
15. Qh3 g6 16. fxg6 Qxh3 17. gxf7+ Nxf7 18. gxh3 Kg7 19. Bf4 c6 20. a4 b4 21.
Ne4 Nxe4 22. Rxe4 d5 23. Re6 Nd8 24. Re3 Kf7 25. Rae1 Rg8+ 26. Bg3 Ra7 27. Rf3+
Bf6 28. Kf1 Re7 29. Rxf6+ Kxf6 30. Bh4+ Kf5 31. Rxe7 Ne6 32. c3 bxc3 33. bxc3
Ke5 34. Bg3+ Kf6 35. Rb7 Nc5 36. Rb6 Ke7 37. Bc2 Rc8 38. a5 Ke6 39. Bd1 Ke7 40.
Bg4 Ne6 41. Rb7+ 1-0

[Event "7. Festival Benidorm 2008 - Sub-2000"]
[Site "Benidorm ESP"]
[Date "2008.12.04"]
[Round "6.10"]
[White "Arroyo Rodriguez, Jesus"]
[Black "Rocher Muñoz, Jordi"]
[Result "1-0"]
[WhiteElo "1994"]
[BlackElo "1949"]
[PlyCount "37"]
[EventDate "2008.11.29"]
[EventRounds "9"]
[EventCountry "ESP"]
[Source "lmi"]
[SourceDate "2008.11.29"]

1. e4 d5 2. exd5 Qxd5 3. Nc3 Qa5 4. d4 Nf6 5. Bd2 c6 6. Bc4 Bf5 7. Nf3 Nbd7 8.
Qe2 e6 9. d5 cxd5 10. Nxd5 Qd8 11. Nxf6+ gxf6 12. Nd4 Bg6 13. O-O-O Rc8 14.
Rhe1 Be7 15. Nxe6 Qb6 16. Nc7+ Kf8 17. Bh6+ Kg8 18. Qxe7 Qxc7 19. Rxd7 1-0

[Event "7. Festival Benidorm 2008 - Sub-2000"]
[Site "Benidorm ESP"]
[Date "2008.12.04"]
[Round "6.11"]
[White "Ruiz Ureta, Ernesto"]
[Black "Gutierrez Valero, Mario"]
[Result "1/2-1/2"]
[WhiteElo "1993"]
[BlackElo "1932"]
[PlyCount "52"]
[EventDate "2008.11.29"]
[EventRounds "9"]
[EventCountry "ESP"]
[Source "lmi"]
[SourceDate "2008.11.29"]

1. e4 c5 2. Nf3 Nc6 3. d4 cxd4 4. Nxd4 Nf6 5. Nc3 e5 6. Ndb5 d6 7. Nd5 Nxd5 8.
exd5 Nb8 9. Bd3 Be7 10. Qh5 Nd7 11. O-O Nf6 12. Qf3 O-O 13. Nc3 Ne8 14. g4 g6
15. Bh6 Ng7 16. Qg2 Bg5 17. Bxg5 Qxg5 18. Ne4 Qe7 19. g5 Nh5 20. Rae1 f5 21.
gxf6 Nxf6 22. Ng5 Nh5 23. Re3 Nf4 24. Qg3 Nh5 25. Qg2 Nf4 26. Qg3 Nh5 1/2-1/2

[Event "7. Festival Benidorm 2008 - Sub-2000"]
[Site "Benidorm ESP"]
[Date "2008.12.04"]
[Round "6.12"]
[White "Amoros Moran, Jose Joaquin"]
[Black "Sanchez Hernandez, Salvador"]
[Result "1-0"]
[WhiteElo "1988"]
[BlackElo "1865"]
[PlyCount "41"]
[EventDate "2008.11.29"]
[EventRounds "9"]
[EventCountry "ESP"]
[Source "lmi"]
[SourceDate "2008.11.29"]

1. e4 c5 2. Nf3 d6 3. d4 cxd4 4. Nxd4 Nc6 5. Nc3 Nf6 6. Bc4 e6 7. O-O a6 8. a4
Qc7 9. Nxc6 bxc6 10. a5 Bb7 11. f4 Rd8 12. Qe2 Ra8 13. e5 dxe5 14. f5 exf5 15.
Rxf5 Kd8 16. Be3 c5 17. Bg5 Bd6 18. Rxf6 gxf6 19. Bxf6+ Kc8 20. Bxh8 Kb8 21.
Nd5 1-0

[Event "7. Festival Benidorm 2008 - Sub-2000"]
[Site "Benidorm ESP"]
[Date "2008.12.04"]
[Round "6.14"]
[White "Simo Bordoy, Guillermo"]
[Black "Marceau, Amaury"]
[Result "0-1"]
[WhiteElo "1983"]
[BlackElo "1678"]
[PlyCount "92"]
[EventDate "2008.11.29"]
[EventRounds "9"]
[EventCountry "ESP"]
[Source "lmi"]
[SourceDate "2008.11.29"]

1. Nf3 Nf6 2. c4 g6 3. Nc3 Bg7 4. e4 d6 5. d4 O-O 6. g3 Nbd7 7. Bg2 e5 8. O-O
a5 9. h3 exd4 10. Nxd4 Nc5 11. Be3 Re8 12. Qc2 c6 13. Nb3 Ncd7 14. Rad1 Qe7 15.
Rfe1 a4 16. Nd2 Nc5 17. b4 axb3 18. axb3 Be6 19. b4 Ncd7 20. f4 Bh6 21. Bf2 Nh5
22. Qd3 Ra3 23. Ndb1 Raa8 24. Qe2 Bxf4 25. gxf4 Nxf4 26. Qf3 Nxg2 27. Qxg2 Ne5
28. Bg3 Nxc4 29. Nd2 Ne5 30. Nf3 Bxh3 31. Qf2 Bg4 32. Nxe5 dxe5 33. Rb1 Red8
34. Bh4 g5 35. Bg3 Rd3 36. Re3 Rad8 37. Nd5 R8xd5 38. exd5 Rxd5 39. Ra3 h5 40.
Ra8+ Kg7 41. Qe3 h4 42. Be1 f6 43. Rba1 Qd7 44. Rb8 Rd3 45. Rxb7 Rxe3 46. Rxd7+
Bxd7 0-1

[Event "7. Festival Benidorm 2008 - Sub-2000"]
[Site "Benidorm ESP"]
[Date "2008.12.04"]
[Round "6.16"]
[White "Santos Ramos, Carles"]
[Black "Cañizares Cuadra, Pedro"]
[Result "1-0"]
[WhiteElo "1999"]
[BlackElo "1919"]
[PlyCount "59"]
[EventDate "2008.11.29"]
[EventRounds "9"]
[EventCountry "ESP"]
[Source "lmi"]
[SourceDate "2008.11.29"]

1. d4 Nf6 2. Nf3 e6 3. g3 b6 4. Bg2 Bb7 5. O-O Be7 6. Nbd2 O-O 7. Re1 d6 8. c4
c5 9. e3 Nc6 10. d5 exd5 11. cxd5 Nb8 12. e4 Re8 13. Qc2 Bf8 14. Nc4 b5 15.
Nxd6 Bxd6 16. e5 Bxd5 17. Bg5 Be7 18. exf6 gxf6 19. Bh6 Bf8 20. Rxe8 Qxe8 21.
Bxf8 Qxf8 22. Ng5 fxg5 23. Bxd5 Nd7 24. Bxa8 Qxa8 25. Qf5 Qc6 26. Rd1 Nf8 27.
Qxg5+ Ng6 28. h4 Kg7 29. h5 Qf6 30. h6+ 1-0

[Event "7. Festival Benidorm 2008 - Sub-2000"]
[Site "Benidorm ESP"]
[Date "2008.12.04"]
[Round "6.17"]
[White "Monserrat Castells, Julio"]
[Black "Martin-consuegra Barrilero, Fco. Javier"]
[Result "1/2-1/2"]
[WhiteElo "1993"]
[BlackElo "1893"]
[PlyCount "84"]
[EventDate "2008.11.29"]
[EventRounds "9"]
[EventCountry "ESP"]
[Source "lmi"]
[SourceDate "2008.11.29"]

1. d4 d5 2. Nf3 c6 3. c3 Bf5 4. Bf4 e6 5. e3 Nf6 6. Nh4 Bxb1 7. Rxb1 Bd6 8.
Bxd6 Qxd6 9. Bd3 Nbd7 10. O-O O-O 11. Nf3 Rfe8 12. Nd2 e5 13. Be2 Rad8 14. dxe5
Nxe5 15. Nf3 Nxf3+ 16. Bxf3 Qe5 17. Qa4 a6 18. Rbd1 Qc7 19. Rd4 b5 20. Qc2 c5
21. Rd2 Rd6 22. Rfd1 Red8 23. Qf5 g6 24. Qe5 Re8 25. Qf4 Red8 26. g3 Qb6 27.
Qe5 Re6 28. Qg5 Kg7 29. Kg2 h6 30. Qf4 Red6 31. h4 b4 32. cxb4 cxb4 33. Qd4 Qb7
34. Kg1 a5 35. b3 Qc7 36. Qb2 Qc3 37. Qb1 Qe5 38. Rd4 Rc8 39. Qd3 Rc3 40. Qb5
Rdc6 41. Qxa5 Rxe3 42. Kg2 Rcc3 1/2-1/2